| 000 | 00443nam a2200181Ia 4500 | ||
|---|---|---|---|
| 008 | 230524s9999 xx 000 0 und d | ||
| 020 | _a9780195698480 | ||
| 082 | _bSEE | ||
| 100 |
_aEdmund G.Seebauer _942334 |
||
| 245 | 0 | _aFundamental of Ethics | |
| 250 | _a1 | ||
| 260 |
_aNew Delhi _bOxford _c2016 |
||
| 300 | _a"XI,259p;" | ||
| 500 | _aQuantity Number: 1 | ||
| 650 | _aManagement | ||
| 700 |
_aRobert L. Barry _942335 |
||
| 942 | _cBK | ||
| 999 |
_c56662 _d56662 |
||